5HLuxD.jpg

KING HENRY VIII SENIOR AND PRIMARY SCHOOL LIBRARY OPAC

THE WORLD'S GREATEST UNDERACHIEVER TAKES ON THE UNIVERSE (Record no. 4529)

000 -LEADER
fixed length control field 00334nam a22001097a 4500
008 - FIXED-LENGTH DATA ELEMENTS--GENERAL INFORMATION
fixed length control field 250227b ||||| |||| 00| 0 eng d
020 ## - INTERNATIONAL STANDARD BOOK NUMBER
International Standard Book Number 9781406340273
100 ## - MAIN ENTRY--PERSONAL NAME
Personal name WINKLER,HENRY
Relator term AUTHOR
245 ## - TITLE STATEMENT
Title THE WORLD'S GREATEST UNDERACHIEVER TAKES ON THE UNIVERSE
260 ## - PUBLICATION, DISTRIBUTION, ETC.
Place of publication, distribution, etc. 87 VAUXHALL WALK,LONDON SE11 5HJ
Name of publisher, distributor, etc. WALKER BOOKS LTD
942 ## - ADDED ENTRY ELEMENTS (KOHA)
Source of classification or shelving scheme
Holdings
Withdrawn status Lost status Source of classification or shelving scheme Damaged status Not for loan Collection code Permanent Location Current Location Shelving location Date acquired Total Checkouts Full call number Barcode Date last seen Date last checked out Price effective from Koha item type Public note
          Fiction KH8 Primary School Library KH8 Primary School Library Fiction 2025-02-27 3 823.92 WIN KHPL000006314 2026-01-20 2026-01-12 2025-02-27 Books - Fiction KH8 PRIMARY LIBRARY

Powered By KH8 IT Dept